01425nam a2200241Ia 4500001001100000003001000011008004100021040002500062041001300087100003200100245004300132250001100175260006800186300002700254500026800281501011400549520026800663650003400931942000700965957000600972999004300978952016201021L240-12103IT-CnALBA170116s9999||||xx |||||||||||||| ||und|| aIT-CnALBAcIT-CnALBA aITALIANO aROBERTO DA NOVE, CAPPUCCINO 0aPICOLE VIRTÙ INDIVIDUALI E SOCIALI.  a2a ed. aVICENZAbANONIMA SOC. TIP. CAT. VICENTINAc1936 [1° Ed.: n.d.] a350 p. (prefazione: 5) aLETTERA DI MONSIGNOR A. G. LONGHIN. AZIONE MORALE. ENERGIA. PUNTUALITA' ESATTEZZA ASSESTAMENTO. COSTANZA PAZIENZA CAUTELA. SEMPLICITÀ SERIETA' SILENZIO. EQUANIMITA' GIOCONDITA'. LABORIOSITÀ VERECONDIA. SOBRIETÀ DOCILITA'. BONTÀ AFFABILITA'. MISERICORDIA C aSocietà San Paolo EM - Piazza San Paolo, 14 - 12051 ALBA (CN) (non commercial uses only) ® Copyright 2017 aLETTERA DI MONSIGNOR A. G. LONGHIN. AZIONE MORALE. ENERGIA. PUNTUALITA' ESATTEZZA ASSESTAMENTO. COSTANZA PAZIENZA CAUTELA. SEMPLICITÀ SERIETA' SILENZIO. EQUANIMITA' GIOCONDITA'. LABORIOSITÀ VERECONDIA. SOBRIETÀ DOCILITA'. BONTÀ AFFABILITA'. MISERICORDIA C aTEOLOGIA SPIRITUALE CRISTIANA cBK 71 a16856bSI g Copie: 1 c271280d271280 0010406L_2401210371aALBAbALBAd2017-01-16l0oL240-12103r2017-01-16 00:00:00w2017-01-16yBKz(data import: 16 gennaio 2017) - By Epidotti, Vaglietti.